[Event "IBCA EU-ch blind 06th"]
[Site "Lyon"]
[Date "2015.08.01"]
[Round "8"]
[White "Duthoit, Bernard"]
[Black "Dietsche, Birgit"]
[Result "0-1"]
[WhiteElo "1372"]
[BlackElo "1487"]
[PlyCount "72"]
[EventDate "2015.07.25"]
[EventType "swiss"]
[EventRounds "9"]
[EventCountry "FRA"]
[SourceTitle "CBM 167 Extra"]
[Source "ChessBase"]
[SourceDate "2015.09.14"]
[SourceVersion "1"]
[SourceVersionDate "2015.09.14"]
[SourceQuality "1"]

1. e4 e5 2. d4 exd4 3. c3 dxc3 4. Bc4 Nc6 5. Nf3 Be7 6. e5 d6 7. exd6 cxd6 8. 0-0 Nf6 9. Re1 0-0 10. Nxc3 Bg4 11. Be2 Rc8 12. Nd4 Bxe2 13. Rxe2 Nxd4 14. Qxd4 a6 15. Be3 Re8 16. Rc1 d5 17. Rec2 Bc5 18. Qd1 Bxe3 19. fxe3 h6 20. Qd2 b5 21. Nxd5 Rxc2 22. Nxf6+ Qxf6 23. Rxc2 Qe6 24. Qc1 Qxe3+ 25. Qxe3 Rxe3 26. Kf2 Re6 27. Re2 Kf8 28. b4 Rf6+ 29. Ke3 Re6+ 30. Kd3 Ke7 31. Re3 Kd6 32. Kd4 Rxe3 33. Kxe3 Ke5 34. g3 f5 35. h3 g6 36. h4 g5 0-1